Cabaran dunia pekerjaan
| Main Author: | Muhamad Ali Embi |
|---|---|
| Published: |
Kuala Lumpur:
Utusan Pub. & Dis. Sdn. Bhd.,
2008.
|
| Subjects: |
| LEADER | 00577cam a2200181 7i4500 | ||
|---|---|---|---|
| 001 | 0000038511 | ||
| 005 | 20110503090000.0 | ||
| 020 | |a 9676121665 | ||
| 020 | |a 9789676121665 (pbk.) | ||
| 090 | 0 | 0 | |a HF5381 |b .M26 2008 |
| 100 | 0 | |a Muhamad Ali Embi | |
| 245 | 1 | 0 | |a Cabaran dunia pekerjaan |c Muhamad Ali Embi. |
| 260 | |a Kuala Lumpur: |b Utusan Pub. & Dis. Sdn. Bhd., |c 2008. | ||
| 300 | |a 86 p.; |c 22 cm. | ||
| 650 | 0 | 0 | |a Vocational guidance |
| 650 | 0 | 0 | |a Job hunting |
| 999 | |a 0000047527 |b BOK |c OPEN SHELF |e 1st Floor, Bestari Jaya | ||
| 999 | |a 0000047528 |b BOK |c OPEN SHELF |e 1st Floor, Shah Alam | ||


